The mutiny on board H.M.S. bount / (Record no. 7606)
[ view plain ]
| 000 -LEADER | |
|---|---|
| fixed length control field | 00537nam a22001937a 4500 |
| 003 - CONTROL NUMBER IDENTIFIER | |
| control field | SISC |
| 005 - DATE AND TIME OF LATEST TRANSACTION | |
| control field | 20160303150433.0 |
| 008 - FIXED-LENGTH DATA ELEMENTS--GENERAL INFORMATION | |
| fixed length control field | 130724t xxu||||| |||| 00| 0 eng d |
| 050 ## - LIBRARY OF CONGRESS CALL NUMBER | |
| Classification number | PS 3527 |
| Item number | .B278 1979 |
| 082 ## - DEWEY DECIMAL CLASSIFICATION NUMBER | |
| Classification number | CLA |
| Item number | B61mh 1979 |
| 100 ## - MAIN ENTRY--PERSONAL NAME | |
| Personal name | Bligh, William |
| 9 (RLIN) | 3528 |
| 245 ## - TITLE STATEMENT | |
| Title | The mutiny on board H.M.S. bount / |
| Statement of responsibility, etc | by William Bligh, adapted by Deborah Kestel. |
| 260 ## - PUBLICATION, DISTRIBUTION, ETC. (IMPRINT) | |
| Place of publication, distribution, etc | New York : |
| Name of publisher, distributor, etc | Moby books, |
| Date of publication, distribution, etc | c1979. |
| 300 ## - PHYSICAL DESCRIPTION | |
| Extent | 237 p. ; |
| Dimensions | 14 cm. |
| 562 ## - COPY AND VERSION IDENTIFICATION NOTE | |
| Number of copies | 1 |
| 700 ## - ADDED ENTRY--PERSONAL NAME | |
| Personal name | Bligh, William |
| 9 (RLIN) | 3529 |
| 942 ## - ADDED ENTRY ELEMENTS (KOHA) | |
| Source of classification or shelving scheme | Library of Congress Classification |
| Koha item type | Books |
| Withdrawn status | Lost status | Source of classification or shelving scheme | Damaged status | Home library | Current library | Shelving location | Date acquired | Total Checkouts | Full call number | Barcode | Date last seen | Copy number | Price effective from | Koha item type |
|---|---|---|---|---|---|---|---|---|---|---|---|---|---|---|
| Library of Congress Classification | Luxembourg Library | Luxembourg Library | Classic Section | 07/24/2013 | PS 3527 .B278 1979 | 0420 | 08/13/2013 | 1 | 07/24/2013 | Books |